| 000 | 01111njm a22002537a 4500 | ||
|---|---|---|---|
| 005 | 2010090104084.0 | ||
| 007 | sd ammalaaahaa | ||
| 008 | 100901t xxu||||| |||| 00| 0 hin d | ||
| 028 |
_aP. 13304 _bHis Master's Voice |
||
| 028 |
_aBD. 8251 _bHis Master's Voice |
||
| 028 |
_aBD. 8255 _bHis Master's Voice |
||
| 035 | _aGR-328 | ||
| 040 | _aSED/VEN | ||
| 100 |
_aVyas, Narayanran _917987 |
||
| 245 |
_aYearo Mohe Jane Daeri Ma Shayam Adana : _bhindustani / _c by Narayanran Vyas |
||
| 246 | _aयेरो मोहे जाने देरी माँ श्याम अडाना ( नारायन्रण व्यास) | ||
| 260 |
_aDum Dum India _bHis Master's Voice |
||
| 300 |
_a1 sound disc [Gramophone recording] _banalog, 33. 1/3 rpm _c10 in _fGramophone recording |
||
| 500 | _aBrief record | ||
| 505 | _aShayam Sunder Madan Mohan (Narayanran Vyas)श्याम सुंदर मदन मोहन भाग २ | ||
| 650 |
_aClassical Music _xExcerpts _zIndia _917988 |
||
| 942 |
_2ddc _cGR |
||
| 999 |
_c43453 _d43453 |
||